A expressão livre no aprendizado da língua portuguesa (Record no. 60623)

MARC details
000 -LÍDER
campo de controle de tamanho fixo 00436 a2200169 4500
001 - NÚMERO DE CONTROLE
campo de controle 60623
020 ## - ISBN - INTERNATIONAL STANDARD BOOK NUMBER
ISBN - International Standard Book Number 852621750X
040 ## - FONTE DA CATALOGAÇÃO
Instituição que transcreveu o registro Anchieta - Pituba
100 ## - ENTRADA PRINCIPAL--NOME PESSOAL
Nome pessoal Santos, Maria Lúcia dos
240 10 - TÍTULO UNIFORME
Título uniforme A expressão livre no aprendizado da língua portuguesa
Idioma da obra por
245 10 - TÍTULO
Título A expressão livre no aprendizado da língua portuguesa
300 ## - DESCRIÇÃO FÍSICA
Extensão 286
362 0# - DATAS DE PUBLICAÇÃO E/OU DESIGNAÇÃO SEQUENCIAL
Datas de publicação e/ou designação sequencial 1996
440 #1 - DECLARAÇÃO DE SÉRIE/ENTRADA ADICIONADA--TÍTULO
Título Scipione
650 #4 - ASSUNTO--TERMO TÓPICO
Cabeçalho tópico ou nome geográfico Educação
942 ## - ELEMENTOS DE ENTRADA ADICIONADOS (KOHA)
Tipo de material Koha Livros
Holdings
Situação do descarte Situação das perdas Situação física Não pode ser emprestado Biblioteca de origem Biblioteca atual Data de aquisição Total de empréstimos Código de barras Data de último acesso Data do preço efetivo Tipo de material Koha
        Colégio Anchieta - Pituba Colégio Anchieta - Pituba 21/11/2023   12361/PIT 21/11/2023 21/11/2023 Livros